Методика на обучението по духови инструменти (Запис номер 37157)
[ съкратено ]
| 000 -Лидер | |
|---|---|
| Контролно поле с фиксирана дължина | 01564nam a2200361 c 4500 |
| 003 - Код на организацията, давaща контролен номер | |
| Контролно поле | BLK |
| 005 - Дата и час на последна редакция | |
| Контролно поле | 20250329160042.0 |
| 008 - Елементи от данни с фиксирана дължина | |
| fixed length control field | 180408b bul|||||r ||||||| ||bul|| |
| 010 ## - Наследен системен номер | |
| LC control number | KNG00040280000 |
| 040 ## - Източник на каталожния запис | |
| Идентификатор на билиотеката - собственик на записа | BLK |
| 041 ## - Код за език | |
| Код за езика на текст/звукозапис или на отделно заглавие | Български |
| Код за езика КДБФ | Български |
| 080 ## - УДК | |
| Текстов определител УДК | Музика за духови инструменти |
| УДК код - определител по УДК | 788 |
| УДК определител | (072) |
| УДК - код + определител | 788(072) |
| 100 1# - Редна дума - Автор | |
| Автор | Диков, Борис Александрович |
| Авторска отговорност | първи автор |
| R(LIN) | 275342 |
| 139 ## - Редно поле | |
| Редна дума | Диков, Борис Александрович |
| Авторски знак | Дико - Д 54 |
| 245 10 - Сведения за заглавието | |
| Заглавие | Методика на обучението по духови инструменти |
| Редно поле (дума) | Борис Александрович Диков; прев. от рус. Нечо Стоянов Русев. |
| 257 ## - Страна на издаване | |
| Страна на създаване/издаване | СССР |
| 260 ## - Област на издателските данни | |
| Място на издаване, разпространение и проч. | София |
| Име на издателя, разпространителя и проч. | Наука и изкуство |
| Година на издаване | 1965 |
| 300 ## - Физическа характеристика | |
| Страници | 128 с. |
| Илюстрации и др. | с ноти |
| Размери/Мащаб | 20 см |
| 380 ## - Жанр | |
| Жанр | Изкуство |
| 500 ## - Общи забележки | |
| Забележка | Библиогр. под линия. |
| 650 #0 - Допълнително описание по предмет – тема | |
| Основно описание – тема или топоним | Духови музикални инструменти |
| 9 (RLIN) | 275013 |
| 650 #4 - Допълнително описание по предмет – тема | |
| Основно описание – тема или топоним | Музикални инструменти |
| 9 (RLIN) | 275050 |
| 653 ## - Ключова дума – ненормативна | |
| Ключова дума | методика на преподаването |
| 653 ## - Ключова дума – ненормативна | |
| Ключова дума | духови музикални инструменти |
| 700 1# - Други автори (авторска отговорност) | |
| Лично име | Русев, Нечо Стоянов |
| Автороска отговорност (Описва отношението между автора и произведението) | прев. от рус. |
| 9 (RLIN) | 275343 |
| 852 ## - Местоположение | |
| Форматна сигнатура | Цб 35218 |
| 856 4# - Електронен адрес и достъп | |
| Електронен формат | pdf - файл |
| 856 4# - Електронен адрес и достъп | |
| Електронен формат | pdf - файл |
| 999 ## - СИСТЕМНИ КОНТРОЛНИ НОМЕРА | |
| Koha biblionumber | 37157 |
| Koha biblioitemnumber | 37157 |
| 942 ## - АРТИКУЛИ | |
| Вид на библиотечния материал | Книги |
| Скрит в OPAC | Не |
| Периодичен библиозапис | Да |
| Koha issues (borrowed), all copies | 1 |
| 944 ## - СЪЗДАВАНЕ И РЕДАКЦИЯ на ЗАПИСА | |
| Създаване/Редакция | Създаване |
| Дата на регистрацията/редакция | 13.12.2011 |
| Статус, дата на статуса | Геновева Генчева |
| Служител, извършил регистрацията/редакцията | 30560 |
| 944 ## - СЪЗДАВАНЕ И РЕДАКЦИЯ на ЗАПИСА | |
| Създаване/Редакция | Редакция |
| Дата на регистрацията/редакция | 08.04.2014 |
| Статус, дата на статуса | 13.12.2011 - от С1,Р / 13.12.2011 |
| 999 ## - СИСТЕМНИ КОНТРОЛНИ НОМЕРА | |
| Koha biblioitemnumber | 37157 |
| Код за отписване | Код за изгубен артикул | Източник на класификационната схема | Код за повреда | Коз за рестрикции | Код за отдаване | Артикулен № | Име на библиотеката - собственик | Име на библиотеката, в която се намира в момента | Статус (Текущо местоположение) | Дата на вписване в системата | Местоположение - отдел | Цена в лева | Инвентарен номер | Систематично азбучна сигнатура | Баркод | Номер на екземпляра | Цена в евро | Служебна бележка | Служебен тип на артикула |
|---|---|---|---|---|---|---|---|---|---|---|---|---|---|---|---|---|---|---|---|
| Не е изгубен | Universal Decimal Classification | Не е повреден | без рестрикции | заемане за дома | 58402 | Регионална библиотека "Любен Каравелов" Русе | Регионална библиотека "Любен Каравелов" Русе | Отдел Изкуство - подръчен фонд | 1965-01-01 | Отдел Изкуство - подръчен фонд | 0.27 | 1346/66 | 788/Д 54 | 900000003098 | 1 | 0.14 | Дост: Pk Вид: Ф N: стар фонд Дата: 01.01.1965 Дата инв: 21.06.2012 Бележки инв: * | Книги | |
| Изтеглен | Не е изгубен | Не е повреден | без рестрикции | заемане за дома | 58403 | Регионална библиотека "Любен Каравелов" Русе | Регионална библиотека "Любен Каравелов" Русе | Отчислена | 1965-01-01 | Отдел Изкуство - подръчен фонд | 0.00 | 1345/66 | ИП 788/Д 54 | 1345/66 | 2 | 0.00 | Дост: Pk Вид: Ф N: стар фонд Дата: 01.01.1965 | Книги | |
| Не е изгубен | Universal Decimal Classification | Не е повреден | само за читалня | ползва се в читалня | 58404 | Регионална библиотека "Любен Каравелов" Русе | Регионална библиотека "Любен Каравелов" Русе | Хранилище | 1965-01-01 | Хранилище | 0.27 | 15309/65 | Цб 35218 | 900000096137 | 3 | 0.14 | Дост: Dp Вид: Д N: стар фонд Дата: 01.01.1965 | Книги |